00452nam a2200181 a 4500001001300000003000900013005001700022008004100039020001000080082001600090100002100106245002100127260003600148300000900184500003500193650002100228700002100249nice12345678IN_TiNIC20260116012807.0050524s2000 hyda grp 000 0 eng  ac10000a305.4bHER1 aHerzel, Susannah aVoice from Women aHyderabad bNo Publisher c2000 a197p aincludes index and biblioraphy aCatacombs-Church1 aHerzel, Susannah